Những câu chuyện pháp luật thời phong kiến

Giới thiệu thực trạng đời sống pháp luật thời phong kiến với những mặt tiêu cực, mặt xấu, tốt thông qua những câu chuyện, các vụ án pháp luật

Sparad:
Bibliografiska uppgifter
Huvudupphovsman: Bùi, Xuân Đính
Materialtyp: Bok
Språk:Undetermined
Publicerad: Hà Nội Tư Pháp 2005
Ämnen:
Taggar: Lägg till en tagg
Inga taggar, Lägg till första taggen!
Thư viện lưu trữ: Trung tâm Học liệu Trường Đại học Cần Thơ
LEADER 00809nam a2200217Ia 4500
001 CTU_105182
008 210402s9999 xx 000 0 und d
020 |c 31000 
082 |a 959.7 
082 |b Đ312/T.2 
100 |a Bùi, Xuân Đính 
245 0 |a Những câu chuyện pháp luật thời phong kiến 
245 0 |c Bùi Xuân Đính 
260 |a Hà Nội 
260 |b Tư Pháp 
260 |c 2005 
520 |a Giới thiệu thực trạng đời sống pháp luật thời phong kiến với những mặt tiêu cực, mặt xấu, tốt thông qua những câu chuyện, các vụ án pháp luật 
650 |a Vietnam 
650 |x History 
904 |i Minh 
980 |a Trung tâm Học liệu Trường Đại học Cần Thơ